| 000 | 00493nab a2200145Ia 4500 | ||
|---|---|---|---|
| 003 | ES-SlBCS | ||
| 005 | 20210601141633.0 | ||
| 008 | 140529s1983 xxu||||| |||| 00| 0 spa d | ||
| 041 | _aspa | ||
| 100 | 1 |
_aKorytkowski, Jerzi _9259173 |
|
| 245 | 0 | 0 |
_aEcumenismo, universalismo franciscano y el problema de la comunicación lingüística _c Jerzi Korytkowski |
| 650 | 0 | 4 |
_aComunicación Lingüística _9174555 |
| 773 | 0 |
_tEstudios Franciscanos _gvol. 84, 1983, págs. 131-142 _wRev191 |
|
| 942 | _cAR | ||
| 999 |
_c663974 _d663974 |
||